000 00504cam a2200193ua 4500
001 11821
008 191109n xxu |||gr||||Z||||||eng
020 _a9780199683765
040 _cMAIN
041 _aeng
082 _a951.02
100 _aJeffrey N Wasserstrom,
_eEditor.
245 _aOxford illustrated history of modern China
_cEdited by Jeffrey N Wasserstrom
250 _a1st ed.
260 _aNew York:
_bOxford,
_c2018.
300 _a361p.
653 _aChina & adjacent areas
942 _cBK
999 _c10615
_d10615